Cinnamon Dishes - Sudden Death - Statistics

General Stats
  • This quiz has been taken 67 times
  • The average score is 6 of 16
Answers on the Grid
Answers color-coded by a green-red scale on the quiz's grid according to % correct below.
Kanelbulle / Cinnamon roll
Mexican churros
Irish potato candy
Pastel de nata
Snickerdoodle
Apple crisp
Melktert
Christstollen
Pumpkin pie
Speculoos
Tamina
Franzbrötchen
Phở
Peking duck
Wǔxiāng yú / Five-spice fish
Brouet de cannelle
Spanish churros
Strawberry sorbet
Red velvet cake
Hockey pockey
Quindim
Bilo-bilo
Bienenstich
Beigne à l'ancienne
Şekerpare
Flying fish cutters
Panzanella
Pâté chinois
 
Answer Stats
Answer % Correct
Kanelbulle / Cinnamon roll
65%
Mexican churros
65%
Apple crisp
61%
Pumpkin pie
53%
Snickerdoodle
53%
Speculoos
37%
Christstollen
33%
Pastel de nata
33%
Wǔxiāng yú / Five-spice fish
31%
Brouet de cannelle
27%
Peking duck
27%
Phở
27%
Irish potato candy
25%
Franzbrötchen
20%
Melktert
18%
Tamina
14%
No matching quizzes found
Score Distribution
Percent of People with Each Score
Percentile by Number Answered
Your Score History
You have not taken this quiz